000 00635nam a2200205Ia 4500
005 20250508152917.0
008 008 250505s9999 xx 000 0 eng d
037 _aTextual
040 _aFEDL
_beng
_cFEDL
041 _aeng
_2eng
084 _a371.214, BLO
_qFEDL
100 _aBloom Benjamin S
245 0 _aUse of academic prediction scales for counseling and selecting college entrants
260 _aNew York, USA
_bThe Free Press of Glencoe
_c1961
300 _aviii,145p.
650 _aAdmission
_9465552
700 _a Peters Frank R
_9762730
942 _cTEXL
_h371.214, BLO
999 _c1339565
_d1339565